| 000 | 00446nam a2200169Ia 4500 | ||
|---|---|---|---|
| 001 | 10946 | ||
| 005 | 20260306161909.0 | ||
| 008 | 260306t9999||||xx |||||||||||||| ||spa|| | ||
| 041 | _aESP | ||
| 082 |
_a983.01 _bM42 |
||
| 100 |
_aMéndez, César _eAUT |
||
| 245 | 0 |
_aLos primeros andinos : _btecnología lítica de los habitantes de Chile trece mil años atrás |
|
| 300 |
_a _c |
||
| 650 | _aGEN | ||
| 654 | _aCHU | ||
| 942 |
_cLIB _dJUS _fJUS _2ddc _n |
||
| 999 |
_c10946 _d10946 |
||